| 000 | 01477 a2200241 4500 | ||
|---|---|---|---|
| 001 | 49786 | ||
| 005 | 20260407155759.0 | ||
| 008 | 260407a1998 arg spa d | ||
| 003 | AR-UNSa-BCEJYS | ||
| 040 |
_aAR-UNSa-BCEJYS _bspa _cAR-UNSa-BCEJYS |
||
| 080 |
_a504.054 _xEfectos de materiales nocivos. Contaminación |
||
| 245 | 1 | 0 | _aIngeniería de control de la contaminación del aire |
| 020 | _a970-10-1682-3 | ||
| 264 | 1 |
_aMéxico : _bMcGraw-Hill _c1998 |
|
| 300 |
_axx, 546 p. _c24 cm. |
||
| 505 | _a1. Introducción al control de la contaminación del aire - 2. Efectos de la contaminación del aire - 3. Leyes y reglamentaciones acerca del control de la contaminación del aire, filosofías del control de la contaminación del aire - 4. Mediciones de la contaminación del aire, estimaciones de las emisiones - 5. Meteorología para los ingenieros en control de la contaminación del aire - 6. Modelos de concentración de los contaminantes del aire - 7. Naturaleza de los contaminantes en partículas - 8. Control de los óxidos de azufre - 9. Control de los óxidos de nitrógeno - 10. El problema de los vehículos de motor - 11. Contaminantes del aire y el clima global - 12. Otros temas. | ||
| 041 | _aspa | ||
| 942 | _cBK | ||
| 590 | _aniveau_biblio:m niveau_hierar:0 | ||
| 100 | 1 | _aNevers, Noel de | |
| 700 | 1 | _aPérez Castellanos, José Hernán | |
| 856 | 4 | 1 |
_uhttps://www.biblioeco.unsa.edu.ar/pmb/images/libros/L128178.jpg _yImagen de portada _qimage/jpeg |
| 999 |
_c4881 _d4881 |
||